A Coruja e o pinto-nú (Registo nº 2172)

Detalhes MARC
000 -Etiqueta do registo
Cabeçalho 00830nam a22002651 4500
005 - Identificador da versão
Campo de controlo 20240813121926.0
021 ## - Número do Depósito Legal
Código do país PT
Número 8858/85
100 ## - Dados gerais de processamento
Dados gerais de processamento 19900421d1985 da|y0pory5003 ba
102 ## - Pais de publicação ou produção
País de publicação Portugal
101 0# - Língua de publicação
Língua do texto, banda sonora, etc. Português
106 ## - Campo de dados codificados: material textual
Dados codificados do material textual r
105 ## - Campo de dados codificados: livros
Dados codificados dos livros a z 000fy
215 ## - Descrição física 
Indicação específica da natureza do documento e extensão da espécie 31p.
Outras indicações físicas il.
Dimensões 23 cm
200 1# - Titulo e menção de responsabilidade
Título próprio A Coruja e o pinto-nú
Primeira menção de responsabilidade Marina Algarvia
Outras menções de responsabilidade ilustrações de Filomena Laranjeira
225 2# - Colecção 
Título próprio da colecção Livros Arlequim
Informação de outro título da colecção  Contos tradicionais portugueses (adaptações)
Indicação de volume 1
210 ## - Publicação, Distribuição, etc. 
Lugar da edição, distribuição, etc. Almada
Nome do editor, distribuidor, etc. Idalécia Cabrita Costa
Data da publicação, distribuição, etc. 1985
606 ## - Nome comum usado como assunto
Número de registo de entrada de autoridade 0000364
Palavra de ordem Literatura portuguesa infanto-juvenil
Subdivisão de assunto Conto
675 ## - Classificação Decimal Universal (CDU)
Notação 821.134.3-34
Edição
Língua da edição por
702 #1 - Nome de autor-pessoa física (responsabilidade secundária)
Número de registo de entrada de autoridade 0000972
Palavra de ordem Laranjeira
Outra parte do nome não tomada para palavra de ordem Filomena
Código de função Ilustrador / Técnico de desenho computorizado
700 #1 - Nome de autor-pessoa física (responsabilidade principal)
Número de registo de entrada de autoridade 0000978
Palavra de ordem Algarvia
Outra parte do nome não tomada para palavra de ordem Marina
Elementos de identificação ou distinção pseud.
942 ## - Elementos de entrada adicionados (Koha)
Tipo de item no Koha Livro
Exemplares
Situação do levantamento Origin of item (home branch) (coded) Biblioteca de empréstimo Código de barras Cota Circulation type (not for loan) Tipo de documento Nota do exemplar Damaged status
  Biblioteca Escolar da Coca Maravilhas Biblioteca Escolar da Coca Maravilhas BECM33/90 8POR ALG   Livro Sem mensagem